Central Library OPAC University of Rajshahi

The portable MBA in investment / (Record no. 58632)

MARC details
000 -LEADER
fixed length control field 01233nam a2200325 a 4500
001 - CONTROL NUMBER
control field 58632
003 - CONTROL NUMBER IDENTIFIER
rucl marc code BD-RjUL
005 - DATE AND TIME OF LATEST TRANSACTION
control field 20211209080637.0
008 - FIXED-LENGTH DATA ELEMENTS--GENERAL INFORMATION
fixed length control field 950501s1995 nyua b 001 0 eng
020 ## - INTERNATIONAL STANDARD BOOK NUMBER
International Standard Book Number 0471106615 (cloth : alk. paper)
035 ## - SYSTEM CONTROL NUMBER
System control number (BD-RjUL)58756
040 ## - CATALOGING SOURCE
Original cataloging agency DLC
Transcribing agency DLC
Modifying agency BD-RjUL
Language of cataloging eng
041 ## - LANGUAGE CODE
Language code of text/sound track or separate title eng
082 00 - DEWEY DECIMAL CLASSIFICATION NUMBER
Classification number 332.6
Edition number 23
Author mark and year POR 1995
245 04 - TITLE STATEMENT
Title The portable MBA in investment /
Statement of responsibility, etc. [edited by] Peter L. Bernstein.
246 3# - VARYING FORM OF TITLE
Title proper/short title Portable Masters of Business Administration in investment
260 ## - PUBLICATION, DISTRIBUTION, ETC. (IMPRINT)
Place of publication, distribution, etc. New York :
Name of publisher, distributor, etc. Wiley,
Date of publication, distribution, etc. c1995.
300 ## - PHYSICAL DESCRIPTION
Pagination v, 442 p. :
Illustrations ill. ;
Size 26 cm.
504 ## - BIBLIOGRAPHY, ETC. NOTE
Bibliography, etc Includes bibliographical references and index.
650 #0 - SUBJECT ADDED ENTRY--TOPICAL TERM
Topical term or geographic name as entry element Investments.
9 (RLIN) 173568
Topical term or geographic name as entry element Portfolio management.
9 (RLIN) 173895
Topical term or geographic name as entry element Institutional investments.
9 (RLIN) 174240
700 1# - ADDED ENTRY--PERSONAL NAME
Personal name Bernstein, Peter L.
856 42 - ELECTRONIC LOCATION AND ACCESS
Materials specified Contributor biographical information
Uniform Resource Identifier <a href="http://www.loc.gov/catdir/bios/wiley042/95018969.html">http://www.loc.gov/catdir/bios/wiley042/95018969.html</a>
Materials specified Publisher description
Uniform Resource Identifier <a href="http://www.loc.gov/catdir/description/wiley034/95018969.html">http://www.loc.gov/catdir/description/wiley034/95018969.html</a>
Materials specified Table of Contents
Uniform Resource Identifier <a href="http://www.loc.gov/catdir/toc/onix05/95018969.html">http://www.loc.gov/catdir/toc/onix05/95018969.html</a>
942 ## - ADDED ENTRY ELEMENTS (KOHA)
Source of classification or shelving scheme Dewey Decimal Classification
Koha item type Books
Holdings
Lost status Source of classification or shelving scheme Damaged status Not for loan Collection code Permanent Location Current Location Shelving location Date acquired Source of acquisition Cost, normal purchase price Total Checkouts Full call number Date last seen Copy number Koha item type
  Dewey Decimal Classification   Not For Loan Non-fiction Central Library, University of Rajshahi Central Library, University of Rajshahi Reading Room 14/05/2000 dhaka, paragon Enterprice ltd. 1467.24   332.6 POR 1995 19/12/2016 C-1 Books